100 Nomes mais populares do Brasil começando com L - Statistics

Estatísticas Gerais
  • Esse quiz foi jogado 799 vezes
  • A pontuação média é 44 de 100
Estatísticas das Respostas
# NOMES FREQUÊNCIA % Correto
68 Luca/Lucca 17.565
95%
1 Luiz/Luís 2.043.697
94%
73 Léo 16.041
91%
2 Lucas 1.127.310
91%
69 Lia 17.486
89%
3 Leonardo 547.601
87%
14 Luan 177.045
87%
10 Luiza/Luísa 289.060
87%
13 Laura 210.549
85%
42 Léia/Léa 43.047
85%
99 Luara 10.228
85%
49 Luci 33.447
83%
4 Leandro 509.248
82%
11 Lúcia 287.917
82%
5 Letícia 435.628
79%
8 Luana 356.300
79%
7 Larissa 361.845
75%
6 Luciana 431.401
72%
18 Laís 131.361
71%
19 Lorena 112.310
71%
21 Lara 106.106
70%
17 Lívia 136.409
70%
9 Luciano 337.492
70%
31 Lúcio 56.048
68%
20 Lilian 109.075
65%
48 Leandra 34.464
64%
24 Lídia 88.259
61%
43 Lauro 40.890
59%
23 Liliane 88.309
56%
53 Lavínia 28.701
55%
22 Leila 102.166
54%
59 Leoni/Leone 20.273
53%
12 Luzia 258.948
52%
92 Liliana 11.766
50%
98 Luma 10.289
50%
15 Lurdes/Lourdes 148.593
50%
51 Laila 30.644
49%
97 Liana 10.297
49%
25 Lidiane 87.224
49%
64 Lana 18.596
47%
37 Lígia 49.020
46%
27 Luciane 81.519
46%
52 Laisa 29.318
45%
46 Levi 35.520
45%
65 Lisandra/Lizandra 18.594
44%
28 Lucimar 80.637
42%
57 Leonor 21.990
41%
80 Luane 14.143
41%
34 Ludimila/Ludmila 52.328
41%
83 Liane 13.172
38%
40 Lindomar 44.464
37%
30 Lázaro 56.218
36%
16 Luciene 144.661
36%
62 Lorrane 18.997
35%
50 Lucélia 30.681
35%
35 Lucimara 49.849
35%
89 Lucinda 11.935
35%
91 Lourenço 11.795
34%
61 Leonel 19.135
32%
36 Laércio 49.225
31%
44 Lêda 39.020
31%
29 Lorival/Lourival 70.637
31%
71 Leide 16.977
30%
41 Lindalva 43.064
30%
81 Laurinda 14.080
29%
74 Laerte 15.636
28%
76 Lucília 14.988
28%
88 Laurindo 12.116
27%
86 Leônidas 12.800
27%
26 Lucilene 83.049
27%
93 Laíse 11.635
26%
96 Lino 10.698
26%
67 Lorraine 17.948
26%
39 Lucineide 45.402
26%
33 Leidiane 52.464
23%
94 Lenita 11.130
23%
72 Lincon/Lincoln 16.065
23%
82 Lucila 13.789
23%
60 Lázara 19.223
22%
45 Laiane 36.798
20%
32 Luzinete 54.624
20%
95 Lenira 10.699
19%
66 Leomar 18.075
19%
63 Lindaura 18.954
19%
85 Lizete/Lisete 13.154
19%
58 Lisiane/Liziane 21.795
18%
100 Lucileide 10.068
18%
54 Larisa 25.350
17%
47 Leonice 35.480
17%
77 Lucinete 14.957
17%
75 Lenice 15.335
16%
79 Lucivaldo 14.341
16%
87 Luzimar 12.272
16%
56 Leonilda 23.020
15%
78 Leonildo 14.922
15%
70 Lucivânia 17.391
15%
90 Lenílson 11.825
14%
38 Lucinéia 47.362
13%
55 Lindinalva 23.670
12%
84 Laudicéia 13.167
8%
Nenhum quiz correspondente encontrado
Distribuição das Pontuações
Porcentagem de Pessoas com Cada Pontuação
Percentil de Números Respondidos
Sua Pontuação Histórica
Você não jogou esse quiz